Polymers for engineering applications /

Bibliographic Details
Main Author: Seymour, Raymond B. (Raymond Benedict), 1912-1991
Format: Book
Language:English
Published: [Washington] : ASM International, [1987]
Subjects:

MARC

Tag First Indicator Second Indicator Subfields
LEADER 00000cam a2200000 a 4500
001 in00000015147
005 20151007053004.0
008 870707s1987 dcua b 00110 eng d
010 |a  87070003  
020 |a 0871702479 
035 |a (OCoLC)16140479 
035 |9 AAA9957AM 
040 |a IML  |c IML  |d TXA  |d UtOrBLW 
049 |a TXAM  |c [A11049577] 
050 4 |a TA455.P58  |b S46 1987 
100 1 |a Seymour, Raymond B.  |q (Raymond Benedict),  |d 1912-1991. 
245 1 0 |a Polymers for engineering applications /  |c Raymond B. Seymour. 
264 1 |a [Washington] :  |b ASM International,  |c [1987] 
264 4 |c ©1987 
300 |a x, 198 pages :  |b illustrations ;  |c 24 cm. 
336 |a text  |b txt  |2 rdacontent 
337 |a unmediated  |b n  |2 rdamedia 
338 |a volume  |b nc  |2 rdacarrier 
504 |a Bibliography : pages 171-176. 
500 |a Includes index. 
650 0 |a Polymerization. 
650 0 |a Polymeric composites. 
650 0 |a Polymers. 
999 |a MARS 
999 f f |s c11e25e1-b91b-3c79-9065-0c0fa7f26d59  |i b6047587-c1e5-3e14-bb34-698eb492740d  |t 0 
952 f f |p ric  |a Texas A&M University  |b Rellis Campus  |c Joint Library Facility  |d Remote Storage  |t 0  |e TA455.P58 S46 1987  |h Library of Congress classification  |i unmediated -- volume  |m A14811049577 
998 f f |a TA455.P58 S46 1987  |t 0  |l Remote Storage